<?xml version="1.0" encoding="UTF-8"?>
<collection xmlns="http://www.loc.gov/MARC21/slim">
 <record>
  <leader>04295cam a2200901   4500</leader>
  <controlfield tag="001">384057632</controlfield>
  <controlfield tag="003">DE-627</controlfield>
  <controlfield tag="005">20241219034312.0</controlfield>
  <controlfield tag="007">tu</controlfield>
  <controlfield tag="008">040331s2004    gw ||||| m    00| ||ger c</controlfield>
  <datafield tag="010" ind1=" " ind2=" ">
   <subfield code="a">  2006482349</subfield>
  </datafield>
  <datafield tag="015" ind1=" " ind2=" ">
   <subfield code="a">04,N16,0875</subfield>
   <subfield code="2">dnb</subfield>
  </datafield>
  <datafield tag="016" ind1="7" ind2=" ">
   <subfield code="a">970690657</subfield>
   <subfield code="2">DE-101</subfield>
  </datafield>
  <datafield tag="020" ind1=" " ind2=" ">
   <subfield code="a">3897394332</subfield>
   <subfield code="c">Gb. : ca. EUR 81.00, CHF 136.60</subfield>
   <subfield code="9">3-89739-433-2</subfield>
  </datafield>
  <datafield tag="024" ind1="3" ind2=" ">
   <subfield code="a">9783897394339</subfield>
  </datafield>
  <datafield tag="035" ind1=" " ind2=" ">
   <subfield code="a">(DE-627)384057632</subfield>
  </datafield>
  <datafield tag="035" ind1=" " ind2=" ">
   <subfield code="a">(DE-576)114097836</subfield>
  </datafield>
  <datafield tag="035" ind1=" " ind2=" ">
   <subfield code="a">(DE-599)GBV384057632</subfield>
  </datafield>
  <datafield tag="035" ind1=" " ind2=" ">
   <subfield code="a">(OCoLC)237923299</subfield>
  </datafield>
  <datafield tag="035" ind1=" " ind2=" ">
   <subfield code="a">(OCoLC)56878741</subfield>
  </datafield>
  <datafield tag="035" ind1=" " ind2=" ">
   <subfield code="a">(OCoLC)916294215</subfield>
  </datafield>
  <datafield tag="035" ind1=" " ind2=" ">
   <subfield code="a">(AT-OBV)AC04486366</subfield>
  </datafield>
  <datafield tag="040" ind1=" " ind2=" ">
   <subfield code="a">DE-627</subfield>
   <subfield code="b">ger</subfield>
   <subfield code="c">DE-627</subfield>
   <subfield code="e">rakwb</subfield>
  </datafield>
  <datafield tag="041" ind1=" " ind2=" ">
   <subfield code="a">ger</subfield>
  </datafield>
  <datafield tag="044" ind1=" " ind2=" ">
   <subfield code="c">XA-DE</subfield>
  </datafield>
  <datafield tag="050" ind1=" " ind2="0">
   <subfield code="a">ND623.M284</subfield>
  </datafield>
  <datafield tag="082" ind1="0" ind2=" ">
   <subfield code="a">750</subfield>
   <subfield code="a">750</subfield>
   <subfield code="q">BSZ</subfield>
  </datafield>
  <datafield tag="082" ind1="0" ind2=" ">
   <subfield code="a">750</subfield>
  </datafield>
  <datafield tag="082" ind1="0" ind2="4">
   <subfield code="a">750</subfield>
  </datafield>
  <datafield tag="084" ind1=" " ind2=" ">
   <subfield code="a">9,10</subfield>
   <subfield code="2">ssgn</subfield>
  </datafield>
  <datafield tag="084" ind1=" " ind2=" ">
   <subfield code="a">LI 99999</subfield>
   <subfield code="2">rvk</subfield>
   <subfield code="0">(DE-625)rvk/97471:</subfield>
  </datafield>
  <datafield tag="084" ind1=" " ind2=" ">
   <subfield code="a">20.31</subfield>
   <subfield code="2">bkl</subfield>
  </datafield>
  <datafield tag="084" ind1=" " ind2=" ">
   <subfield code="a">21.02</subfield>
   <subfield code="2">bkl</subfield>
  </datafield>
  <datafield tag="100" ind1="1" ind2=" ">
   <subfield code="a">Hartje, Nicole</subfield>
   <subfield code="4">aut</subfield>
  </datafield>
  <datafield tag="245" ind1="1" ind2="0">
   <subfield code="a">Bartolomeo Manfredi (1582 - 1622)</subfield>
   <subfield code="b">ein Nachfolger Caravaggios und seine europäische Wirkung ; Monographie und Werkverzeichnis</subfield>
   <subfield code="c">Nicole Hartje</subfield>
  </datafield>
  <datafield tag="263" ind1=" " ind2=" ">
   <subfield code="a">Gb. : ca. EUR 81.00, CHF 136.60</subfield>
  </datafield>
  <datafield tag="264" ind1=" " ind2="1">
   <subfield code="a">Weimar</subfield>
   <subfield code="b">VDG</subfield>
   <subfield code="c">2004</subfield>
  </datafield>
  <datafield tag="300" ind1=" " ind2=" ">
   <subfield code="a">549 S</subfield>
   <subfield code="b">Ill</subfield>
   <subfield code="c">27 cm</subfield>
  </datafield>
  <datafield tag="336" ind1=" " ind2=" ">
   <subfield code="a">unbewegtes Bild</subfield>
   <subfield code="b">sti</subfield>
   <subfield code="2">rdacontent</subfield>
  </datafield>
  <datafield tag="337" ind1=" " ind2=" ">
   <subfield code="a">ohne Hilfsmittel zu benutzen</subfield>
   <subfield code="b">n</subfield>
   <subfield code="2">rdamedia</subfield>
  </datafield>
  <datafield tag="338" ind1=" " ind2=" ">
   <subfield code="a">Band</subfield>
   <subfield code="b">nc</subfield>
   <subfield code="2">rdacarrier</subfield>
  </datafield>
  <datafield tag="502" ind1=" " ind2=" ">
   <subfield code="a">Teilw. zugl.: Bonn, Univ., Diss., 2000 u.d.T.: Hartje, Nicole: Bartolomeo Manfredi und die europäischen Filiationen der Manfrediana Methodus</subfield>
  </datafield>
  <datafield tag="583" ind1="1" ind2=" ">
   <subfield code="a">Archivierung/Langzeitarchivierung gewährleistet</subfield>
   <subfield code="f">SSG</subfield>
   <subfield code="x">XA-DE-BW</subfield>
   <subfield code="2">pdager</subfield>
   <subfield code="5">DE-16</subfield>
  </datafield>
  <datafield tag="600" ind1="1" ind2="0">
   <subfield code="a">Manfredi, Bartolomeo</subfield>
   <subfield code="d">1587-1620 or 1621</subfield>
  </datafield>
  <datafield tag="600" ind1="1" ind2="0">
   <subfield code="a">Manfredi, Bartolomeo</subfield>
   <subfield code="d">1587-1620 or 1621</subfield>
   <subfield code="x">Criticism and interpretation</subfield>
  </datafield>
  <datafield tag="600" ind1="1" ind2="0">
   <subfield code="a">Manfredi, Bartolomeo</subfield>
   <subfield code="d">1587-1620 or 1621</subfield>
   <subfield code="v">Catalogues raisonnés</subfield>
  </datafield>
  <datafield tag="650" ind1=" " ind2="4">
   <subfield code="a">Werkverzeichnis</subfield>
  </datafield>
  <datafield tag="650" ind1=" " ind2="4">
   <subfield code="a">Manfredi, Bortolomeo</subfield>
  </datafield>
  <datafield tag="655" ind1=" " ind2="7">
   <subfield code="a">Bildband</subfield>
   <subfield code="0">(DE-588)4145395-5</subfield>
   <subfield code="0">(DE-627)104450835</subfield>
   <subfield code="0">(DE-576)209741139</subfield>
   <subfield code="2">gnd-content</subfield>
  </datafield>
  <datafield tag="655" ind1=" " ind2="7">
   <subfield code="a">Werkverzeichnis</subfield>
   <subfield code="0">(DE-588)4189680-4</subfield>
   <subfield code="0">(DE-627)104464909</subfield>
   <subfield code="0">(DE-576)210061456</subfield>
   <subfield code="2">gnd-content</subfield>
  </datafield>
  <datafield tag="655" ind1=" " ind2="7">
   <subfield code="a">Hochschulschrift</subfield>
   <subfield code="0">(DE-588)4113937-9</subfield>
   <subfield code="0">(DE-627)105825778</subfield>
   <subfield code="0">(DE-576)209480580</subfield>
   <subfield code="2">gnd-content</subfield>
  </datafield>
  <datafield tag="689" ind1="0" ind2="0">
   <subfield code="d">p</subfield>
   <subfield code="0">(DE-588)118882503</subfield>
   <subfield code="0">(DE-627)07965911X</subfield>
   <subfield code="0">(DE-576)210261099</subfield>
   <subfield code="a">Manfredi, Bartolomeo</subfield>
   <subfield code="d">1582-1622</subfield>
   <subfield code="2">gnd</subfield>
  </datafield>
  <datafield tag="689" ind1="0" ind2=" ">
   <subfield code="5">DE-101</subfield>
  </datafield>
  <datafield tag="689" ind1="1" ind2="0">
   <subfield code="d">p</subfield>
   <subfield code="0">(DE-588)118882503</subfield>
   <subfield code="0">(DE-627)07965911X</subfield>
   <subfield code="0">(DE-576)210261099</subfield>
   <subfield code="a">Manfredi, Bartolomeo</subfield>
   <subfield code="d">1582-1622</subfield>
   <subfield code="2">gnd</subfield>
  </datafield>
  <datafield tag="689" ind1="1" ind2="1">
   <subfield code="d">s</subfield>
   <subfield code="0">(DE-588)4037220-0</subfield>
   <subfield code="0">(DE-627)10623871X</subfield>
   <subfield code="0">(DE-576)209022892</subfield>
   <subfield code="a">Malerei</subfield>
   <subfield code="2">gnd</subfield>
  </datafield>
  <datafield tag="689" ind1="1" ind2=" ">
   <subfield code="5">DE-101</subfield>
  </datafield>
  <datafield tag="689" ind1="2" ind2="0">
   <subfield code="d">p</subfield>
   <subfield code="0">(DE-588)118882503</subfield>
   <subfield code="0">(DE-627)07965911X</subfield>
   <subfield code="0">(DE-576)210261099</subfield>
   <subfield code="a">Manfredi, Bartolomeo</subfield>
   <subfield code="d">1582-1622</subfield>
   <subfield code="2">gnd</subfield>
  </datafield>
  <datafield tag="689" ind1="2" ind2="1">
   <subfield code="d">p</subfield>
   <subfield code="0">(DE-588)118794396</subfield>
   <subfield code="0">(DE-627)133826694</subfield>
   <subfield code="0">(DE-576)209466022</subfield>
   <subfield code="a">Sandrart, Joachim von</subfield>
   <subfield code="d">1606-1688</subfield>
   <subfield code="2">gnd</subfield>
  </datafield>
  <datafield tag="689" ind1="2" ind2="2">
   <subfield code="d">p</subfield>
   <subfield code="0">(DE-588)118519034</subfield>
   <subfield code="0">(DE-627)079321143</subfield>
   <subfield code="0">(DE-576)160689198</subfield>
   <subfield code="a">Caravaggio, Michelangelo Merisi da</subfield>
   <subfield code="d">1571-1610</subfield>
   <subfield code="2">gnd</subfield>
  </datafield>
  <datafield tag="689" ind1="2" ind2=" ">
   <subfield code="5">(DE-627)</subfield>
  </datafield>
  <datafield tag="700" ind1="1" ind2=" ">
   <subfield code="a">Manfredi, Bartolomeo</subfield>
   <subfield code="d">1582-1622</subfield>
   <subfield code="e">Ill.</subfield>
   <subfield code="0">(DE-588)118882503</subfield>
   <subfield code="0">(DE-627)07965911X</subfield>
   <subfield code="0">(DE-576)210261099</subfield>
   <subfield code="4">ill</subfield>
  </datafield>
  <datafield tag="751" ind1=" " ind2=" ">
   <subfield code="a">Bonn</subfield>
   <subfield code="0">(DE-588)4007666-0</subfield>
   <subfield code="0">(DE-627)106372270</subfield>
   <subfield code="0">(DE-576)208871632</subfield>
   <subfield code="4">uvp</subfield>
  </datafield>
  <datafield tag="776" ind1="0" ind2="8">
   <subfield code="i">Erscheint auch als</subfield>
   <subfield code="n">Online-Ausgabe</subfield>
   <subfield code="a">Hartje, Nicole</subfield>
   <subfield code="t">Bartolomeo Manfredi (1582 - 1622)</subfield>
   <subfield code="d">Weimar : VDG, 2004</subfield>
   <subfield code="h">Online-Ressource (549 S)</subfield>
   <subfield code="w">(DE-627)617403457</subfield>
   <subfield code="z">9783897394339</subfield>
  </datafield>
  <datafield tag="787" ind1="0" ind2="8">
   <subfield code="i">Rezensiert in</subfield>
   <subfield code="a">Lehmann, Jürgen M., 1937 - </subfield>
   <subfield code="t">[Rezension von: Nicole Hartje, Bartolomeo Manfredi (1582-1622)]</subfield>
   <subfield code="d">Regensburg : Schnell und Steiner, 2006</subfield>
   <subfield code="w">(DE-627)1555087434</subfield>
   <subfield code="w">(DE-576)48508743X</subfield>
  </datafield>
  <datafield tag="856" ind1="4" ind2="2">
   <subfield code="u">https://www.gbv.de/dms/spk/sbb/toc/384057632.pdf</subfield>
   <subfield code="m">V:DE-601</subfield>
   <subfield code="m">B:DE-1</subfield>
   <subfield code="q">pdf/application</subfield>
   <subfield code="v">2024-12-19</subfield>
   <subfield code="3">Inhaltsverzeichnis</subfield>
  </datafield>
  <datafield tag="935" ind1=" " ind2=" ">
   <subfield code="i">Blocktest</subfield>
  </datafield>
  <datafield tag="936" ind1="r" ind2="v">
   <subfield code="a">LI 99999</subfield>
   <subfield code="b">Sonstige</subfield>
   <subfield code="k">Kunstgeschichte</subfield>
   <subfield code="k">Künstler-Monografien</subfield>
   <subfield code="k">Sonstige</subfield>
   <subfield code="0">(DE-627)1270635948</subfield>
   <subfield code="0">(DE-625)rvk/97471:</subfield>
   <subfield code="0">(DE-576)200635948</subfield>
  </datafield>
  <datafield tag="936" ind1="b" ind2="k">
   <subfield code="a">20.31</subfield>
   <subfield code="j">Bildende Künstler</subfield>
   <subfield code="0">(DE-627)181571080</subfield>
  </datafield>
  <datafield tag="936" ind1="b" ind2="k">
   <subfield code="a">21.02</subfield>
   <subfield code="j">Geschichte der Malerei</subfield>
   <subfield code="0">(DE-627)106406698</subfield>
  </datafield>
  <datafield tag="951" ind1=" " ind2=" ">
   <subfield code="a">BO</subfield>
  </datafield>
  <datafield tag="990" ind1=" " ind2=" ">
   <subfield code="a">Manfredi, Bartolomeo</subfield>
  </datafield>
  <datafield tag="990" ind1=" " ind2=" ">
   <subfield code="a">Manfredi, Bartolomeo</subfield>
  </datafield>
  <datafield tag="990" ind1=" " ind2=" ">
   <subfield code="a">Malerei</subfield>
  </datafield>
  <datafield tag="990" ind1=" " ind2=" ">
   <subfield code="a">Manfredi, Bartolomeo</subfield>
  </datafield>
  <datafield tag="990" ind1=" " ind2=" ">
   <subfield code="a">Sandrart, Joachim von</subfield>
  </datafield>
  <datafield tag="990" ind1=" " ind2=" ">
   <subfield code="a">Caravaggio, Michelangelo Merisi da</subfield>
  </datafield>
  <datafield tag="991" ind1=" " ind2=" ">
   <subfield code="a">Rezensiertes Werk</subfield>
  </datafield>
  <datafield tag="999" ind1=" " ind2=" ">
   <subfield code="a">KXP-PPN384057632</subfield>
   <subfield code="e">4154308343</subfield>
  </datafield>
 </record>
</collection>
